Statistics for Countries Bordering Spain

Click here to take the quiz!

General Stats

  • This quiz has been taken 26,414 times
    (26,206 since last reset)
  • The average score is 4 of 5

Answer Stats

km Country % Correct
623France
99%
1,214Portugal
99%
64Andorra
87%
17Morocco
68%
1UK (Gibraltar)
67%

Score Distribution

Percentile by Number Answered

Percent of People with Each Score

Your Score History

You have not taken this quiz since the last reset